Atlas escolar universal (Registo nº 565)

Detalhes MARC
000 -Etiqueta do registo
Cabeçalho 00827cam a2200289 4500
005 - Identificador da versão
Campo de controlo 20240813121806.0
010 ## - Número internacional normalizado dos livros (ISBN)
Número (ISBN) 9727505449
021 ## - Número do Depósito Legal
Código do país PT
Número 150806/00
035 ## - Other System Control Numbers
System Control Number 0000588
System Control Number 0000584
System Control Number 0000584
System Control Number 0000574
100 ## - Dados gerais de processamento
Dados gerais de processamento 20010321d2000 e y0pory5003 ba
102 ## - Pais de publicação ou produção
País de publicação Portugal
101 1# - Língua de publicação
Língua do texto, banda sonora, etc. Português
Língua do documento no original Espanhol
106 ## - Campo de dados codificados: material textual
Dados codificados do material textual r
105 ## - Campo de dados codificados: livros
Dados codificados dos livros a z 001yy
215 ## - Descrição física 
Indicação específica da natureza do documento e extensão da espécie 144 p.
Outras indicações físicas il. muito il.
Dimensões 29 cm
200 1# - Titulo e menção de responsabilidade
Título próprio Atlas escolar universal
Primeira menção de responsabilidade ed. lit. Departamento de Atlas da Editora Everest
Outras menções de responsabilidade trad. Maria Amélia Pedrosa
210 ## - Publicação, Distribuição, etc. 
Lugar da edição, distribuição, etc. Rio de Mouro
Nome do editor, distribuidor, etc. Everest
Data da publicação, distribuição, etc. D.L. 2000
606 ## - Nome comum usado como assunto
Número de registo de entrada de autoridade 0000648
Palavra de ordem Atlas mundial
Código do sistema SIPOR
675 ## - Classificação Decimal Universal (CDU)
Notação 913(4/9)(084.4)
Edição BN
Língua da edição por
Edição BN
Língua da edição por
702 #1 - Nome de autor-pessoa física (responsabilidade secundária)
Número de registo de entrada de autoridade 0000650
Palavra de ordem Pedrosa
Outra parte do nome não tomada para palavra de ordem Maria Amélia
Código de função Tradutor
712 02 - Nome de colectividade-autor (responsabilidade secundária)
Número de registo de entrada de autoridade 0000651
Palavra de ordem Everest Editora
Código de função Consultor científico
942 ## - Elementos de entrada adicionados (Koha)
Tipo de item no Koha Livro
Exemplares
Situação do levantamento Origin of item (home branch) (coded) Biblioteca de empréstimo Código de barras Circulation type (not for loan) Tipo de documento Nota do exemplar Damaged status
  Biblioteca Escolar Eng. Nuno Mergulhão Biblioteca Escolar Eng. Nuno Mergulhão BENM214   Cativo Sem mensagem